00275pab a2200097 454500008004000000245005700040260000900097300001200106650002000118773003900138180718b1985 xxu||||| |||| 00| 0 eng d aSpecial issue on health care for an aging population c1985 a225-293 aHealth Services aSocio - Economic Planning Sciences